|
|
|
|
| LEADER |
00000naa2a2200000 4500 |
| 001 |
386078 |
| 005 |
20231101063431.0 |
| 035 |
|
|
|a (RuTPU)RU\TPU\prd\14438
|
| 090 |
|
|
|a 386078
|
| 100 |
|
|
|a 20030529a2003 k y0rusy50 ca
|
| 101 |
0 |
|
|a rus
|
| 102 |
|
|
|a RU
|
| 200 |
1 |
|
|a О своде правил СП 41-105-2002. Проектирование и строительство теплвых сетей бесканальной прокладки из стальных труб с индустриальной тепловой изоляцией из пенополиуретана в полиэтиленовой оболочке
|
| 225 |
1 |
|
|a Справочные материалы
|
| 461 |
|
1 |
|0 (RuTPU)RU\TPU\prd\4239
|t Трубопроводы и экология
|o научно-практический журнал
|d 2002-2012
|
| 463 |
|
1 |
|0 (RuTPU)RU\TPU\prd\13778
|t № 1
|v С. 27
|d 2003
|
| 610 |
1 |
|
|a свод правил
|
| 610 |
1 |
|
|a проектирование
|
| 610 |
1 |
|
|a тепловые сети
|
| 610 |
1 |
|
|a строительство
|
| 610 |
1 |
|
|a бесканальная проклажка
|
| 610 |
1 |
|
|a стальные трубы
|
| 610 |
1 |
|
|a тепловая изоляция
|
| 610 |
1 |
|
|a пенополиуретан
|
| 610 |
1 |
|
|a полиэтиленовая оболочка
|
| 801 |
|
1 |
|a RU
|b 63413507
|c 20030529
|g PSBO
|
| 801 |
|
2 |
|a RU
|b 63413507
|c 20140703
|g RCR
|
| 942 |
|
|
|c BK
|